Video Game RPGs by System-SNES - Statistics

General Stats
  • This quiz has been taken 266 times
    262 since last reset
  • The average score is 11 of 20
Answer Stats
Hint Answer % Correct
Red, spikey haired protagonist, Time travel, Lavos Chrono Trigger
92%
Red plumber, Smithy, Seven Stars Super Mario RPG:Legend of the Seven Stars
88%
Cecil, Golbez, Red Wings Final Fantasy IV
87%
Psychic boy, modern setting, evil hippies EarthBound
86%
Espers, Opera House, Ultros Final Fantasy VI
81%
Wizard Agahnim, Sacred Realm, Master Sword The Legend of Zelda: A Link to the Past
78%
Magic Sword, Thanatos, Eight seeds and temples Secret of Mana
75%
Bartz, Gilgamesh, Job System Final Fantasy V
74%
Blue-haired protagonist,Turn into dragons, Emperor Zog Breath of Fire
53%
Great Wall of China, Mystic Stautes, Shadow Illusion of Gaia
53%
Fortress of Doom, Sinistrals, Maxim Lufia & the Fortress of Doom
49%
A boy and his dog, Alchemy, Carltron Secret of Evermore
49%
Blue-haired protagonist, Dragon clan, St. Eva Breath of Fire II
46%
Monster collecting, Golden Orb, Dragon God Dragon Quest V:Hand of the Heavenly Bride
37%
Amnesia, Real World and Dream World, Slime Arena Dragon Quest VI:Relams of Revelation
35%
Town of Elcid, Heroes of Legend, Daos Lufia II:Rise of the Sinistrals
35%
Light Gaia and Dark Gaia, Ark, Crysta Terranigma
33%
Elemental Crystals, Focus Tower, Not a Final Fantasy game Final Fantasy Mystic Quest
32%
Cyberspace, Aneki Co., Based on the book "Never Deal with a Dragon" Shadowrun
18%
Rashidi, Zeteginan Empire, Thirteen different endings Ogre Battle: The March of the Black Queen
14%
No matching quizzes found
Score Distribution
Percent of People with Each Score
Percentile by Number Answered
Your Score History
You have not taken this quiz since the last reset